<?xml version="1.0" encoding="UTF-8"?>
<record
    xmlns:xsi="http://www.w3.org/2001/XMLSchema-instance"
    xsi:schemaLocation="http://www.loc.gov/MARC21/slim http://www.loc.gov/standards/marcxml/schema/MARC21slim.xsd"
    xmlns="http://www.loc.gov/MARC21/slim">

  <leader>00457nam a2200157Ia 4500</leader>
  <controlfield tag="008">230718s9999    xx            000 0 und d</controlfield>
  <datafield tag="020" ind1=" " ind2=" ">
    <subfield code="a">9788120345843</subfield>
  </datafield>
  <datafield tag="041" ind1=" " ind2=" ">
    <subfield code="a">eng</subfield>
  </datafield>
  <datafield tag="082" ind1=" " ind2=" ">
    <subfield code="a">428.0071</subfield>
    <subfield code="b">GAN</subfield>
  </datafield>
  <datafield tag="100" ind1=" " ind2=" ">
    <subfield code="a">Gangal J.K.</subfield>
    <subfield code="9">193947</subfield>
  </datafield>
  <datafield tag="245" ind1=" " ind2=" ">
    <subfield code="a">Practical Course In Effective English Speaking Skills</subfield>
  </datafield>
  <datafield tag="260" ind1=" " ind2=" ">
    <subfield code="b">PHI Learning</subfield>
  </datafield>
  <datafield tag="365" ind1=" " ind2=" ">
    <subfield code="c">Rs.</subfield>
    <subfield code="b">275.00</subfield>
  </datafield>
  <datafield tag="700" ind1=" " ind2=" ">
    <subfield code="a">Gangal J.K.</subfield>
    <subfield code="9">193947</subfield>
  </datafield>
  <datafield tag="906" ind1=" " ind2=" ">
    <subfield code="d">O:0384525-Apr-2014B:IN 8120-Apr-2014</subfield>
    <subfield code="c">GENRL</subfield>
    <subfield code="b">371.25</subfield>
  </datafield>
  <datafield tag="999" ind1=" " ind2=" ">
    <subfield code="c">335906</subfield>
    <subfield code="d">335906</subfield>
  </datafield>
  <datafield tag="952" ind1=" " ind2=" ">
    <subfield code="0">0</subfield>
    <subfield code="1">0</subfield>
    <subfield code="4">0</subfield>
    <subfield code="7">0</subfield>
    <subfield code="a">CCEP</subfield>
    <subfield code="b">CCEP</subfield>
    <subfield code="d">2014-04-25</subfield>
    <subfield code="e">Pradeep Book Distributors</subfield>
    <subfield code="f">GENRL</subfield>
    <subfield code="g">200.75</subfield>
    <subfield code="i">IN 81</subfield>
    <subfield code="l">0</subfield>
    <subfield code="o">428.0071</subfield>
    <subfield code="p">CCEP-BK-47113</subfield>
    <subfield code="r">2023-07-18 00:00:00</subfield>
    <subfield code="t">371.25</subfield>
    <subfield code="v">275.00</subfield>
    <subfield code="w">2014-04-20</subfield>
    <subfield code="y">BK</subfield>
    <subfield code="z">047113</subfield>
  </datafield>
</record>
